Les applications les plus téléchargées au monde en 2022 - Statistiques

Statistiques générales
  • Ce quiz a été pris 2 014 fois
  • Le résultat moyen est 5 sur 10
Statistiques - réponses
Rang Téléchargements Réponse % Correct
2 548M Instagram
98%
1 672M TikTok
95%
5 330M Snapchat
93%
8 298M Facebook
89%
3 424M WhatsApp
61%
10 238M Spotify
51%
6 310M Telegram
26%
4 357M CapCut
17%
7 304M Subway Surfers
9%
9 254M Stumble Guys
8%
Aucun quiz correspondant
Distribution des résultats
% des personnes avec chaque résultat
Percentile par nombre de réponses
Votre historique - résultats
Vous n’avez pas pris ce quiz